Sports Quiz

Random Sports or NBA Quiz
Score 0/19 Timer 05:00
0 Plays Today
Stat Category Player % Correct
3-Pt Field Goals1,223 - Kyle Lowry
99.6%
3-Pt Field Goal Attempts3,234 - Kyle Lowry
99.6%
Steals746 - Kyle Lowry
99.6%
Games675 - Demar DeRozan
98.5%
Minutes Played22,986 - Demar DeRozan
98.5%
Field Goals4,716 - Demar Derozan
98.5%
Free Throws3,539 - Demar DeRozan
98.5%
Turnovers1,323 - Demar DeRozan
98.5%
Points13,296 - Demar DeRozan
98.5%
Points Per Game23.4 - Vince Carter
93.6%
Stat Category Player % Correct
Offensive Rebounds1,369 - Chris Bosh
84.8%
Defensive Rebounds3,407 - Chris Bosh
84.8%
Blocks600 - Chris Bosh
84.8%
Rebounds Per Game9.4 - Chris Bosh
84.8%
Assists3,770 - Jose Calderon
54.2%
Assists Per Game8.8 - Damon Stoudamire
40.9%
Personal Fouls1,524 - Amir Johnson
31.4%
Steals Per Game2.1 - Doug Christie
21.2%
Blocks Per Game2.9 - Marcus Camby
16.3%
Remove Ads.
Support Sporcle.
Get the best of Sporcle when you Go Orange. This ad-free experience offers more features, more stats, and more fun while also helping to support Sporcle. Thank you for becoming a member.

You're not logged in!

Compare scores with friends on all Sporcle quizzes.
OR
Log In

Show Comments

Extras

Created Sep 24, 2019ReportNominate
Tags:Basketball Quiz, NBA Quiz

Top Quizzes Today


Score Distribution

Your Account Isn't Verified!

In order to create a playlist on Sporcle, you need to verify the email address you used during registration. Go to your Sporcle Settings to finish the process.

Report this User

Report this user for behavior that violates our Community Guidelines.

Details: